000
00327 a2200157 4500
001
160529
020
_a
040
_c
Magnum
100
_a
Salle, Bruno de La
240
1
0
_a
Cinderela/scipione
_l
por
245
1
0
_a
Cinderela/scipione
362
0
_a
1899
440
1
_a
Scipione
697
_a
IJ/FADAS, FANTASIA
942
_c
BK
999
_c
160529
_d
160529